| 000 | 01638cam a2200397 a 4500 | ||
|---|---|---|---|
| 001 | EDZ0000062100 | ||
| 003 | StDuBDS | ||
| 005 | 20161031105202.0 | ||
| 006 | m||||||||d|||||||| | ||
| 007 | cr ||||||||||| | ||
| 008 | 120307s2010 ii a fo| 001|0|eng|d | ||
| 020 |
_a9788132107934 (ebook) : _cNo price |
||
| 040 |
_aStDuBDS _beng _cStDuBDS _epn |
||
| 049 | _aAlfaisal Main Library | ||
| 050 | 0 |
_aHV11 _b.K54 2010 |
|
| 082 | 0 | 4 |
_a361.30683 _223 |
| 245 | 0 | 0 |
_aSkill training for social workers _h[electronic resource] : _ba manual / _cedited by Sudha Datar ... [et al.]. |
| 260 |
_aDelhi ; _aLondon : _bSAGE, _c2010. |
||
| 300 |
_a1 online resource (xl, 266 p.) : _bill. |
||
| 500 | _aJointly published with Tata Institute of Social Sciences. | ||
| 520 | 8 | _aUnlike theory works which list out the skills required for the practice of social work methods but do not enable development of these skills, this manual discusses concrete exercises for the development of method-linked skills. | |
| 504 | _aIncludes bibliographical references and index. | ||
| 521 | _aSpecialized. | ||
| 588 | _aDescription based on print version record. | ||
| 650 | 0 | _aSocial work education. | |
| 650 | 0 |
_aSocial workers _xIn-service training. |
|
| 650 | 0 |
_aSocial service _xPractice. |
|
| 650 | 7 |
_aSociety. _2eflch |
|
| 655 | 7 |
_aElectronic books. _2local |
|
| 700 | 1 | _aDatar, Sudha. | |
| 710 | 2 | _aSage eBooks | |
| 710 | 2 | _aTata Institute of Social Sciences. | |
| 776 | 0 | 8 |
_iPrint version : _z9788132102380 |
| 856 | 4 | 0 | _uhttp://ezproxy.alfaisal.edu/login?url=http://sk.sagepub.com/books/skill-training-for-social-workers |
| 942 |
_2lcc _cEBOOKS |
||
| 999 |
_c481211 _d481211 |
||